| 000 | 004360000a22001690004500 | ||
|---|---|---|---|
| 003 | LK-CoMWRAF | ||
| 008 | 230817t ||||| |||| 00| 0 eng d | ||
| 040 |
_aLK-CoMWRAF _dLK-CoMWRAF _eLK-CoMWRAF |
||
| 041 | _aeng | ||
| 082 |
_a430 _bCON |
||
| 100 | _aNaakko, Jaakko | ||
| 245 |
_aThe Constitution of Finland _b |
||
| 260 |
_bParliament of Finland _aFinland _c2001 |
||
| 300 | _ap.167 | ||
| 650 | _aParliamentarism-Finland | ||
| 942 | _cBK | ||
| 999 |
_c2101 _d2101 |
||